Youngest Countries in the World - Statistics

General Stats
  • This quiz has been taken 34 times
  • The average score is 21 of 30
Answer Stats
Hint Country % Correct
2008 Kosovo
100%
2006 Serbia
100%
2011 South Sudan
93%
1992 Bosnia and Herzegovina
89%
1991 North Macedonia
89%
1991 Croatia
85%
1991 Kazakhstan
85%
2006 Montenegro
85%
1991 Moldova
81%
1991 Turkmenistan
81%
1991 Ukraine
81%
1991 Belarus
78%
1991 Tajikistan
78%
1991 Armenia
74%
1991 Azerbaijan
74%
1991 Kyrgyzstan
74%
1990 Lithuania
74%
1991 Slovenia
74%
1991 Uzbekistan
74%
1993 Slovakia
70%
1993 Czech Republic
67%
1991 Georgia
67%
2002 Timor-Leste
67%
1993 Eritrea
56%
1994 Palau
48%
1990 Namibia
33%
1979 Kiribati
26%
1979 Saint Lucia
22%
1979 Saint Vincent and the Grenadines
22%
1980 Zimbabwe
22%
No matching quizzes found
Score Distribution
Percent of People with Each Score
Percentile by Number Answered
Your Score History
You have not taken this quiz